Polska innowacyjna krajowa mysl techniczna na rynkach swiatowych
Uložené v:
| Médium: | Kniha |
|---|---|
| Jazyk: | Polish |
| Vydavateľské údaje: |
Warszawa
Instytut Wydawniczy Zwiazków Zawodowych
1985
|
| Tagy: |
Žiadne tagy, Buďte prvý, kto otaguje tento záznam!
|
MARC
| LEADER | 00000nam a2200000 4500 | ||
|---|---|---|---|
| 001 | c105113 | ||
| 005 | 20041019155133.8 | ||
| 041 | 0 | |a pol | |
| 044 | |a PL | ||
| 245 | 1 | 0 | |a Polska innowacyjna |b krajowa mysl techniczna na rynkach swiatowych |
| 264 | 1 | |a Warszawa |b Instytut Wydawniczy Zwiazków Zawodowych |c 1985 | |
| 300 | |a 255 s. | ||